00519nam a2200205Ia 4500008004100000020001800041050001400059100002000073245002500093245003400118245002400152260001500176260001600191260000900207300001500216300002700231300001000258440003700268500000800305170918s9999 xx 000 0 und d a9780439566285 bH669 2003 aHirshmann, Kris aOwls, bats, wolves : band other nocturnal animals / cby Kris Hirschmann. aNew York : bScholastic, c2003 a32 pages : bcolored illustration ; c23cm. aWorld discovery science readers. a640